01082nam a2200217 a 450000100100000000500170001000800410002702000150006804000250008324501140010826000720022230000200029449000440031450500500035871000610040883000540046995201140052395201050063795201050074299900170084700004188520201002035818.0131016s1987 sp 000 0 spa d a8400064372 aDO-SdBNPbspacBNPHU13aTargum Jonatan de los profetas primeros en tradición babilonica /ceditado por Emiliano Martínez Borobio. aMadrid :bConsejo Superior de Investigaciones Científicas,c1987. a388 p ;c25 cm.1 aTextos y estudios Cardenal Cisnerosv380 av. II: I -IItSamuel /gV. III: I-IItReyes /2 aConsejo Superior de Investigaciones Científicas,94786 0aTexto en hebreo, prefacio en españolv38968578 001050718MOaGRbGRcHDd2013-10-21iLF1l0ov. 1, e. 2p41885-10r2020-06-25w2020-06-25y1ZNo se presta 001050718MOaGRbGRcHDd2013-10-21iLF1l0o p41885-20r2020-06-25w2020-06-25y1ZNo se presta 001050718MOaGRbGRcHDd2013-10-23iLF1l0o p41885-30r2020-06-25w2020-06-25y1ZNo se presta c41374d41374